Countries With the Most Airports per Capita - Statistics

General Stats
  • This quiz has been taken 33 times
  • The average score is 13 of 20
Answer Stats
(airports per million) # of airports Country % Correct
304.5 96 Iceland
88%
93.5 1 Tuvalu
88%
191.2 61 Bahamas
80%
181.0 19 Kiribati
80%
215.1 15 Marshall Islands
80%
56.5 6 Micronesia
80%
154.1 14 Seychelles
80%
106.0 1 Nauru
76%
60.3 36 Solomon Islands
76%
56.4 6 Tonga
76%
118.5 31 Vanuatu
76%
142.1 3 Palau
64%
58.1 6 St. Vincent & the Grenadines
64%
87.2 561 Papua New Guinea
60%
81.7 855 Bolivia
52%
158.1 117 Guyana
48%
120.6 799 Paraguay
48%
97.0 55 Suriname
48%
140.6 47 Belize
36%
51.3 112 Namibia
8%
No matching quizzes found
Score Distribution
Percent of People with Each Score
Percentile by Number Answered
Your Score History
You have not taken this quiz